000 004540000a22001810004500
003 MACL
005 20151010121858.0
008 151010b xxu||||| |||| 00| 0 eng d
040 _aMACL
_cMACL
041 _aEnglish
082 _a920/KUM
100 _aKumar, Ravindra
_91570
245 _aThe Selected Works Of Subhas Chandra Bose
260 _bAtlantic Publishers
_c1992
_aDelhi
350 _a200
650 _aBiography
_914289
942 _cBK
_k920
_2ddc
999 _c4262
_d4262